000 00278nam a2200121 a 4500
008 100920s1977|||| d
245 1 0 _aEfezský príbeh o láske
100 1 _aXenofón
260 _bTatran
_aBratislava
_c1977
020 _c12
044 _axo
_cSK
041 _aslo
999 _c10517
_d10517